000 00583cam a22002053a 4500
001 38694
003 PGUSA
005 20140828083843.0
008 120127s2012||||xxu|||||s|||||000 | eng d
040 _aPGUSA
_beng
042 _adc
100 1 _aMarshall, Archibald,
_d1866-1934
245 1 0 _aPeter Binney :
_bA Novel
_h[electronic resource] /
_cArchibald Marshall
260 _bProject Gutenberg,
_c2012
506 _aPublic domain in the USA.
516 _aElectronic text
830 0 _aProject Gutenberg
_v38694
856 4 0 _uhttp://www.gutenberg.org/ebooks/38694
942 _cEB
999 _c267948
_d267948